000 00867nam a2200253Ia 4500
003 OSt
005 20220923211203.0
006 a|||||r|||| 00| 0
007 ta
008 220922b |||||||| |||| 00| 0 hin d
020 _a8189859072 (hbk)
_c80
024 _a239,172
037 _b404, 23/03/2009, Swaraj Prakashan
_cTextual
040 _aARTS
_cARTS
_bhin
041 _2hin
_ahin
082 _aO152,2N12,SK, P6
100 _aविष्णु प्रभाकर
_9156271
245 0 _aसत्ता के आर पार
246 _aSattā ke ār pāra
260 _aनयी दिल्ली
_b किताबघर प्रकाशन
_c2006
300 _a80पृ.
_ccm.
942 _hO152,2N12,SK, P6
_cTEXL
_2CC
999 _c296534
_d296534